COST ACCOUNTING (Record no. 37715)
[ view plain ]
| 000 -LEADER | |
|---|---|
| fixed length control field | 00300nam a22001337a 4500 |
| 008 - FIXED-LENGTH DATA ELEMENTS--GENERAL INFORMATION | |
| fixed length control field | 171106b xxu||||| |||| 00| 0 eng d |
| 020 ## - INTERNATIONAL STANDARD BOOK NUMBER | |
| International Standard Book Number | 9780136001485 |
| 041 ## - LANGUAGE CODE | |
| Language code of text/sound track or separate title | eng |
| 080 ## - UNIVERSAL DECIMAL CLASSIFICATION NUMBER | |
| Edition identifier | 13TH |
| Universal Decimal Classification number | 330.722.6 |
| 100 ## - Rafti | |
| Rafti | 61 |
| 101 ## - Shkurtesa | |
| Shkurtesa | KON |
| 245 ## - TITLE STATEMENT | |
| Title | COST ACCOUNTING |
| Statement of responsibility, etc | HORNGREN,CH.T |
| 942 ## - ADDED ENTRY ELEMENTS (KOHA) | |
| Source of classification or shelving scheme | |
| Item type | Books |
| Withdrawn status | Lost status | Source of classification or shelving scheme | Damaged status | Not for loan | Collection code | Permanent location | Current location | Shelving location | Date acquired | Total Checkouts | Full call number | Barcode | Date last seen | Price effective from | Koha item type |
|---|---|---|---|---|---|---|---|---|---|---|---|---|---|---|---|
| Koleksioni i përgjithshem | UBT - Lipjan | UBT - Lipjan | Koleksioni i përgjithshem | 11/06/2017 | 330.722.6 HOR | 002-2936278 | 11/06/2017 | 11/06/2017 | Books | ||||||
| Koleksioni i përgjithshem | UBT - Lipjan | UBT - Lipjan | Koleksioni i përgjithshem | 11/06/2017 | 330.722.6 HOR | 002-2936273 | 11/06/2017 | 11/06/2017 | Books | ||||||
| Koleksioni i përgjithshem | UBT - Lipjan | UBT - Lipjan | Koleksioni i përgjithshem | 11/06/2017 | 330.722.6 HOR | 002-2936268 | 11/06/2017 | 11/06/2017 | Books |